| 000 | 00580nam a2200205 u 4500 | ||
|---|---|---|---|
| 005 | 20210223133715.0 | ||
| 008 | 181121s2008 r 000 0 eng d | ||
| 020 | _a9788424190217 | ||
| 035 | _aUPN01000227997 | ||
| 049 | _aI | ||
| 050 | 4 |
_aDT61 _bH3.2 |
|
| 100 | 1 |
_aHarrison, Ingrid _939035 |
|
| 245 | 1 | 3 |
_aEl antiguo Egipto / _cIngrid Harrison ; tr. Azucena Viloria. |
| 260 |
_aLeón, Esp. : _bEverest, _c2008. |
||
| 300 |
_a23 p. : _bil. col. |
||
| 440 | 0 | _aClaro | |
| 651 | 4 |
_aEGIPTO - _xHISTORIA - _vLITERATURA INFANTIL _911373 |
|
| 905 | _aInfantil | ||
| 999 |
_c200092 _d200092 |
||